| 000 | 01066nam a2200193 a 4500 | ||
|---|---|---|---|
| 001 | 683 | ||
| 003 | CO-ViMGA | ||
| 008 | 141112s2004 ck r 000 u spa d | ||
| 040 |
_aCO-ViMGA _bspa _cCO-ViMGA |
||
| 082 | 0 | 4 | _a658.403 E764 |
| 100 | 1 | _aEspindola Castro, Jose Luis | |
| 245 | 1 | 0 | _aAnálisis de problemas y toma de decisiones |
| 260 |
_aMexico : _bAlhambra, _c1996 |
||
| 300 | _a141 p | ||
| 490 | _aDesarrollo de habilidades del pensamiento | ||
| 505 | _aEl problema Perspectivas de los problemas 23 - - Actos del habla Estados emocionales; Modos de comprensión 33 - - Pentagrama de las decisiones exitosas Conocimiento y calidad; Creatividad y oportunidad 56 - - Toma de decisiones Pensamiento estrategico en la toma de decisiones; integración del sistema; Reformulación de problemas 80 - - Resolución de problemas Ampliación de la percepción del problema; Organización de la información 107 - - Otros problemas Problemas con inferencias; Exploración sistemática 128 | ||
| 650 | 1 | 4 |
_aADMINISTRACION - TOMA DE DECISIONES _948527 |
| 942 |
_2ddc _cBK |
||
| 999 |
_c12921 _d12921 |
||